000
00336 a2200157 4500
001
189670
020
_a
978-85-08-11349-1
040
_c
Magnum
100
_a
Junqueira, Sonia
240
1
0
_a
Regina e o mágico
_l
por
245
1
0
_a
Regina e o mágico
300
_a
24
362
0
_a
2008
697
_a
LITERATURA INFANTIL
942
_c
BK
999
_c
189670
_d
189670